Central Library OPAC University of Rajshahi

নারায়ণ গঙ্গোপাধ্যায় রচনাবলী / (Record no. 38363)

MARC details
000 -LEADER
fixed length control field 01252nam a22002417a 4500
001 - CONTROL NUMBER
control field 38363
003 - CONTROL NUMBER IDENTIFIER
rucl marc code BD-RjUL
005 - DATE AND TIME OF LATEST TRANSACTION
control field 20211209052800.0
008 - FIXED-LENGTH DATA ELEMENTS--GENERAL INFORMATION
fixed length control field 151116r19891982ii ||||| |||| 00| 0 ben d
035 ## - SYSTEM CONTROL NUMBER
System control number (BD-RjUL)38468
040 ## - CATALOGING SOURCE
Original cataloging agency BD-RjUL
Language of cataloging ben
Transcribing agency BD-RjUL
041 ## - LANGUAGE CODE
Language code of text/sound track or separate title ben
082 ## - DEWEY DECIMAL CLASSIFICATION NUMBER
Classification number 891.4408
Author mark and year GAN 1989
100 ## - MAIN ENTRY--PERSONAL NAME
Personal name গঙ্গোপাধ্যায়, নারায়ণ
9 (RLIN) 118551
245 ## - TITLE STATEMENT
Title নারায়ণ গঙ্গোপাধ্যায় রচনাবলী /
Statement of responsibility, etc. নারায়ণ গঙ্গোপাধ্যায় ; সম্পাদনা আশা দেবী, অরিজিৎ গঙ্গোপাধ্যায়.
Number of part/section of a work ষষ্ঠ খন্ড
260 ## - PUBLICATION, DISTRIBUTION, ETC. (IMPRINT)
Place of publication, distribution, etc. কলিকাতা :
Name of publisher, distributor, etc. মিত্র ও ঘোষ পাবলিশার্স প্রাঃ লিঃ,
Date of publication, distribution, etc. ১৯৮২
-- [মুদ্রণ ১৯৮৯]
300 ## - PHYSICAL DESCRIPTION
Pagination ৩৯৮ পৃ.;
Size ২২ সেমি.
650 ## - SUBJECT ADDED ENTRY--TOPICAL TERM
Topical term or geographic name as entry element বাংলা সাহিত্য
General subdivision বিবিধ সংগ্রহ
9 (RLIN) 118552
Topical term or geographic name as entry element Bengali literature
General subdivision Miscellaneous collcetions
9 (RLIN) 118553
700 ## - ADDED ENTRY--PERSONAL NAME
Personal name দেবী, আশা
Personal name গঙ্গোপাধ্যায়, অরিজিৎ
942 ## - ADDED ENTRY ELEMENTS (KOHA)
Source of classification or shelving scheme Dewey Decimal Classification
Koha item type Books
Holdings
Lost status Source of classification or shelving scheme Damaged status Not for loan Collection code Permanent Location Current Location Shelving location Date acquired Source of acquisition Cost, normal purchase price Total Checkouts Full call number Date last seen Copy number Koha item type
  Dewey Decimal Classification     Non-fiction Central Library, University of Rajshahi Central Library, University of Rajshahi   12/02/1996 অংকুর প্র:, ঢাকা 60.00   B 891.4408 GAN V-6 1989 16/11/2015 C-2 Books
  Dewey Decimal Classification   Not For Loan   Central Library, University of Rajshahi Central Library, University of Rajshahi Reading Room   করিম ইন্টারন্যাশনাল, ঢাকা 60.00   B 891.4408 GAN V-6 1989 22/11/2015 C-1 Books